| 000 | 01226 a2200289 4500 | ||
|---|---|---|---|
| 003 | Nust | ||
| 005 | 20170207154048.0 | ||
| 010 | _a 2005034719 | ||
| 020 | _a0415770114 (hardback : alk. paper) | ||
| 020 | _a0415770122 (pbk. : alk. paper) | ||
| 040 | _cNust | ||
| 082 | 0 | 0 | _a297.09 |
| 100 | _aAbdul Aziz Said, Mohammed Abu-Nimer & Meena Sharify-Funk. | ||
| 245 | 0 | 0 |
_aContemporary Islam (E-Book) _bdynamic, not static / _cAbdul Aziz Said, Mohammed Abu-Nimer & Meena Sharify-Funk. |
| 260 |
_aNew York, NY : _bRoutledge, _c2006. |
||
| 300 | _ap. cm. | ||
| 505 | _aPART I:The Many Voices of Islam (Page-15) PART II: Applied Ethics of Political Participation (Page-81) PART III: Applied Ethics of Peace and Nonviolence in Islam (Page-129) PART IV: Coexistence and Reconciliation (Page-213) | ||
| 650 | 0 |
_aIslam _y21st century. |
|
| 650 | 0 | _aIslamic modernism. | |
| 650 | 0 | _aIslamic renewal. | |
| 651 | _a(E-Book) | ||
| 700 | 1 |
_aAbu-Nimer, Mohammed, _d1962- |
|
| 700 | 1 | _aSaid, Abdul Aziz. | |
| 700 | 1 | _aSharify-Funk, Meena. | |
| 856 | 4 | 1 |
_3Publisher description _uhttp://www.loc.gov/catdir/enhancements/fy0654/2005034719-d.html |
| 856 | 4 | 1 |
_3Table of contents only _uhttp://www.loc.gov/catdir/toc/ecip064/2005034719.html |
| 942 |
_2ddc _cBK |
||
| 999 |
_c192984 _d192984 |
||